Financovanie malých a stredných podnikov diplomová práca

Salvato in:
Dettagli Bibliografici
Autore principale: Šupčíková, Mária
Ente Autore: Národohospodárska fakulta EU. Katedra bankovníctva a medzinárodných financií
Altri autori: Horvátová, Eva, 1958-
Natura: Libro
Lingua:slovacco
Pubblicazione: Bratislava 2008
Tags: Aggiungi Tag
Nessun Tag, puoi essere il primo ad aggiungerne!!

MARC

LEADER 00000nam$a2200000$$$4500
001 0076862
005 20240201115123.9
041 0 |a slo 
044 |a SK 
245 1 0 |a Financovanie malých a stredných podnikov  |b diplomová práca  |c Mária Šupčíková ; škol. Eva Horvátová 
264 1 |a Bratislava  |c 2008 
300 |a 84 s. 
100 1 |a Šupčíková, Mária 
700 1 |a Horvátová, Eva, 1958- 
710 2 |a Národohospodárska fakulta EU. Katedra bankovníctva a medzinárodných financií